000 00543nam a22001817a 4500
999 _c171690
_d171690
005 20200117143457.0
010 _aENG-127445
020 _a9788121513081
_c600.00
035 _aEN-110977
037 _bDBAD/PUB
082 _a881.092
100 _a Rangacharya, Adya
245 _aKavi Kalidasa/
_cby Adya Rangacharya;Translated by Usha Desai
260 _aNew Delhi
_bMunshiram Manoharlal
_c2019
270 _a5715,54 Rani Jhansi Road
_e110055
_bNew Delhi
300 _a195p.
_c22cm(hb)
942 _2ddc
_cEN
_h881.092
_mRAN